| 000 | 00494nam a22001577a 4500 | ||
|---|---|---|---|
| 003 | NUST | ||
| 082 | _a200 | ||
| 100 |
_aIftikhar, Sadaf _9106515 |
||
| 245 |
_aFruit Disease Classification using Resource Constraint Devices/ _cSadaf Iftikhar |
||
| 264 |
_aIslamabad : _bSEECS, NUST, _c2022. |
||
| 300 | _a76 p. ; | ||
| 650 |
_aMS-Data Science _9123017 |
||
| 700 |
_aSupervisor: Dr. Hasan Ali Khattak _997753 |
||
| 856 | _uhttp://10.250.8.41:8080/xmlui/handle/123456789/31848 | ||
| 942 |
_2ddc _cSC |
||
| 999 |
_c592874 _d592874 |
||